Hitelezók és adósok <a> kölcsönforgalom kérdéséhez Somogyban 1756-1812

Gespeichert in:
Bibliographische Detailangaben
1. Verfasser: Tóth, Tibor
Format: Buch
Sprache:Ungarisch
Veröffentlicht: Budapest Statisztikai Kiadó Vállalat 1979
Tags: Tag hinzufügen
Keine Tags, Fügen Sie das erste Tag hinzu!

MARC

LEADER 00000nam a2200000 4500
001 0221056
005 20240822101658.5
041 0 |a hun 
044 |a HU 
245 1 0 |a Hitelezók és adósok  |b <a> kölcsönforgalom kérdéséhez Somogyban 1756-1812  |c Tibor Tóth 
264 1 |a Budapest  |b Statisztikai Kiadó Vállalat  |c 1979 
300 |a 156 s. 
100 1 |a Tóth, Tibor